000 00725nam a2200241 a 4500
008
040 _aNUST
_cNUST
049 _aMAIN
090 _aHM51
_bSOC
245 1 0 _aSociology.
260 _a[Place of Publication not known] :
_b[Publisher not Identified],
_c19??.
300 _axvi, 616 pages :
_billustrations (some colour) ;
_c23 cm.
336 _atext
_btxt
_2rdacontent
337 _aunmediated
_bn
_2rdamedia
338 _avolume
_bnc
_2rdacarrier
500 _aIncludes index.
504 _aIncludes bibliographical references.
650 1 _aSociology.
907 _a.b10419470
_b06-09-22
_c06-09-22
003
005 20230123141246.0
942 _cBOOKS
_kHM51
_mSOC
999 _c170394
_d170394